000 00271nam a2200121Ia 4500
003 OSt
005 20240822144932.0
040 _cLIBRARY OF CONGRESS
050 _aS517 .I4 C433 2010
100 _aCHANDRASEKARAN B.
245 2 _aA TEXT BOOK OF AGRONOMY
942 _cBK
_2ddc
999 _c201503
_d201503